Score 0/54 Timer 10:00
0 Plays Today
Hint Answer % Correct
Father of the heroineMr Bennet
98.3%
Eldest sister of the heroineJane Bennet
98.3%
Mother of the heroineMrs Bennet
96.6%
Second eldest daughterElizabeth Bennet
96.6%
Third eldest daughterMary Bennet
95.8%
HeroMr Darcy
95%
Fifth eldest daughterLydia Bennet
93.3%
Fourth eldest daughterKitty Bennet
90.8%
Hero's sisterGeorgiana Darcy
84.9%
Eldest daughter's husband's sisterCaroline Bingley
79%
Hero's auntLady Catherine de Bourgh
78.2%
Eldest daughter's husbandCharles Bingley
78.2%
Hero's aunt's daughterAnne de Bourgh
74.8%
Husband's sister's brotherMr Hurst
71.4%
Daughter of the aboveCharlotte Lucas
68.9%
Wife of the aboveMrs Hurst
68.1%
A ColonelColonel Fitzwilliam
66.4%
Soldier, marries one of the sistersGeorge Wickham
65.5%
Other daugher of the aboveMaria Lucas
63.9%
Heroine's auntMrs Gardiner
60.5%
Wife of the aboveLady Lucas
57.1%
A ColonelColonel Forster
49.6%
Knight, owns a lodgeWilliam Lucas
42%
Housekeeper of LongbournMrs Hill
39.5%
Attorney in MerytonMr Philips
39.5%
Heroine's uncleEdward Gardiner
37.8%
Governess/companion of hero's sisterMrs Younge
35.3%
Hint Answer % Correct
Housekeeper at PemberlyMrs Reynolds
31.9%
Hero's aunt's daughter's companionMrs Jenkinson
30.3%
Hero's fatherOld Mr Darcy
28.6%
No longer courted by WickhamMary King
26.9%
Part of the malitiaMr Denny
25.2%
Neighbour of those at NetherfieldMrs Long
19.3%
Captain of the malitiaCaptain Carter
18.5%
Companion to hero's sisterMrs Annesley
17.6%
Mother of a colonelMrs Forster
16.8%
Apothecary at MerytonMr Jones
12.6%
Part of the malitiaMr Chamberlayne
7.6%
Resident of Haye ParkWilliam Goulding
5.9%
Father of the aboveOld Wickham
5%
Acquaintance of hero's auntLady Metcalfe
5%
Owns NetherfieldMr Morris
5%
Housekeeper at NetherfieldMrs Nicholls
5%
GovernessMiss Pope
3.4%
Acquiantance of hero's friend's sisterMiss Grantley
1.7%
Part of the malitiaMr Pratt
1.7%
Maid of the hero's auntDawson
0.8%
AttorneyHaggerston
0.8%
Acquaintance of a colonel's motherMiss Harriett
0.8%
Another acquaintanceMiss Harrington
0.8%
Meryton neighbourMr Robinson
0.8%
ClerkMr Stone
0.8%
Meryton neighbourMiss Watson
0.8%
Acquaintance of the hero's auntMiss Webbs
0.8%
Remove Ads.
Support Sporcle.
Get the best of Sporcle when you Go Orange. This ad-free experience offers more features, more stats, and more fun while also helping to support Sporcle. Thank you for becoming a member.

You're not logged in!

Compare scores with friends on all Sporcle quizzes.
OR
Log In

Show Comments

Extras

Top Quizzes Today


Score Distribution

Your Account Isn't Verified!

In order to create a playlist on Sporcle, you need to verify the email address you used during registration. Go to your Sporcle Settings to finish the process.

Report this User

Report this user for behavior that violates our Community Guidelines.

Details: